000 00512nam a2200169 i 4500
001 94451
003 ES-MaACL
005 20251129063051.0
007 t|
008 050429s1941 sp ||||1| spa d
100 1 _aLorenzo-Velázquez, B.,
_d1901-1985
_974198
245 1 0 _aFarmacología y terapéutica de las vitaminas /
_cBenigno Lorenzo-Velázquez.
260 _aAvila :
_bSenen Martín,
_c1941.
300 _aXV, 373 p. ;
_c21 cm.
852 _aES-MaACL
_jE-460
_bR.19346
999 _c94451
_d94451